| 000 | 00446nam a22001337a 4500 | ||
|---|---|---|---|
| 999 |
_c520593 _d520593 |
||
| 008 | 220920b ||||| |||| 00| 0 eng d | ||
| 100 |
_aSundararaj, R. _934537 |
||
| 245 | _aSkinned alive: pruning of timber free species harms both the quality and quantity of wood, and needs to be checked immediately | ||
| 260 | _aDown to Earth | ||
| 300 | _a16-30, Apr, 2022: p.48-49 | ||
| 773 | _aDown to Earth | ||
| 906 | _aENVIRONMENT | ||
| 942 | _cAR | ||